000 00578cam a22002054a 4500
003 OSt
005 20150908094525.0
008 040113s2004 inu b 001 0 eng
020 _a1563709902 (softcover)
040 _aSEKU
050 0 0 _aHF 5383
_b.N6 2004
100 1 _aNoble, David F.
245 1 0 _aGallery of best cover letters /
_cDavid F. Noble.
250 _a2nd ed.
260 _aIndianapolis, IN :
_bJIST Works,
_cc2004.
300 _avi, 403 p. ;
_c28 cm.
504 _aIncludes bibliographical references and index.
650 0 _aCover letters.
942 _2lcc
_cGEN
999 _c8720
_d8720